[Event "Novokuznetsk op"]
[Site "Novokuznetsk"]
[Date "2012.08.07"]
[Round "6"]
[White "Nigametzianov, Mikhail"]
[Black "Sorokin, Alexey"]
[Result "1-0"]
[WhiteElo "2416"]
[BlackElo "2110"]
[PlyCount "49"]
[EventDate "2012.08.02"]
[EventType "swiss"]
[EventRounds "9"]
[EventCountry "RUS"]
[SourceTitle "EXT 2013"]
[Source "ChessBase"]
[SourceDate "2012.11.22"]
[SourceVersion "1"]
[SourceVersionDate "2012.11.22"]
[SourceQuality "1"]

1. d4 d5 2. Nf3 Nf6 3. c4 c6 4. Nc3 e6 5. e3 Nbd7 6. Qc2 Bd6 7. g4 h6 8. Rg1 dxc4 9. Bxc4 b5 10. Be2 Bb7 11. h4 a6 12. g5 hxg5 13. hxg5 Nd5 14. Ne4 Be7 15. Bd2 Rc8 16. Nc5 Nxc5 17. dxc5 Qc7 18. 0-0-0 Rd8 19. Rg4 e5 20. Re4 Bc8 21. Rxe5 Bg4 22. Qe4 Bxf3 23. Bxf3 0-0 24. Rh1 g6 25. Qh4 1-0

[Event "Novokuznetsk op"]
[Site "Novokuznetsk"]
[Date "2012.08.06"]
[Round "5"]
[White "Sorokin, Alexey"]
[Black "Sviridov, Maxim"]
[Result "1/2-1/2"]
[WhiteElo "2110"]
[BlackElo "2154"]
[PlyCount "117"]
[EventDate "2012.08.02"]
[EventType "swiss"]
[EventRounds "9"]
[EventCountry "RUS"]
[SourceTitle "EXT 2013"]
[Source "ChessBase"]
[SourceDate "2012.11.22"]
[SourceVersion "1"]
[SourceVersionDate "2012.11.22"]
[SourceQuality "1"]

1. d4 b5 2. e4 Bb7 3. Bxb5 Bxe4 4. Nf3 Nf6 5. Nc3 Bb7 6. 0-0 a6 7. Bc4 e6 8. d5 Be7 9. Re1 0-0 10. Bf4 Bb4 11. dxe6 dxe6 12. Qe2 Nc6 13. Red1 Qe7 14. Na4 Na5 15. Bd3 Bd6 16. Bxd6 cxd6 17. Nc3 Nc6 18. Ne4 d5 19. Nxf6+ Qxf6 20. c4 dxc4 21. Bxc4 Rfd8 22. Bd3 Nd4 23. Nxd4 Rxd4 24. Bc2 Rad8 25. Rxd4 Rxd4 26. Rd1 g6 27. Rxd4 Qxd4 28. Bb3 Kg7 29. h3 h5 30. Qc2 Qe5 31. Qc3 Qxc3 32. bxc3 Kf6 33. f4 Kf5 34. g3 Ke4 35. Kf2 Kd3 36. Ba4 Bd5 37. Be8 e5 38. fxe5 Bxa2 39. Kf3 Be6 40. Kf4 Kxc3 41. Kg5 Kd4 42. Kf6 a5 43. Ba4 Bd5 44. h4 Ke4 45. Bd1 Bc4 46. Ba4 Kd4 47. Bd1 Ke4 48. Ba4 Ke3 49. Be8 Kd4 50. Ba4 Be6 51. Bd1 Ke3 52. Ba4 Kf3 53. Be8 Kxg3 54. Bxf7 Bd7 55. e6 Bxe6 56. Bxe6 Kxh4 57. Kxg6 a4 58. Kh6 a3 59. Kg6 1/2-1/2

[Event "Sibiria Region-ch"]
[Site "Barnaul"]
[Date "2011.05.26"]
[Round "7"]
[White "Shoiyzhininaev, Bato"]
[Black "Sorokin, Alexey"]
[Result "1-0"]
[WhiteElo "2063"]
[BlackElo "1848"]
[PlyCount "63"]
[EventDate "2011.05.20"]
[EventType "swiss"]
[EventRounds "9"]
[EventCountry "RUS"]
[SourceTitle "EXT 2012"]
[Source "ChessBase"]
[SourceDate "2011.11.24"]
[SourceVersion "1"]
[SourceVersionDate "2011.11.24"]
[SourceQuality "1"]

1. e4 c6 2. d4 d5 3. Nd2 dxe4 4. Nxe4 Nd7 5. Ng5 Ngf6 6. Bd3 e6 7. N1f3 Bd6 8. Qe2 h6 9. Ne4 Nxe4 10. Qxe4 Nf6 11. Qe2 Qc7 12. Bd2 b6 13. 0-0-0 Bb7 14. Ne5 0-0-0 15. Rhe1 Rhe8 16. g3 Nd5 17. Kb1 Kb8 18. Qg4 f5 19. Qg6 Bxe5 20. Rxe5 Nf6 21. Bf4 Ka8 22. Rxe6 Qd7 23. Rxe8 Rxe8 24. Bxf5 Qe7 25. Be5 Rd8 26. Bxf6 gxf6 27. Qxh6 a6 28. Qe3 Qd6 29. h4 c5 30. c3 Qd5 31. g4 cxd4 32. Qxd4 1-0